| 000 | 00552nam a2200145Ia 4500 | ||
|---|---|---|---|
| 008 | 180905s9999 xx 000 0 und d | ||
| 020 | _a9789719809258 | ||
| 100 | _aMadrunio,Marilu Rañosa. | ||
| 245 |
_cMarilu Rañosa Madrunio, Isabel Pefianco Martin.-- _aPurposive communication : _busing english in multilingual contexts / |
||
| 260 |
_aQuezon city : _bC & E Publishing _c2018 |
||
| 300 |
_axv, 315 pages : _billustrations ; _c22 cm. |
||
| 500 | _aIncludes blibliography and index. | ||
| 650 | _aCommunication and culture. | ||
| 650 | _aCommunication. | ||
| 999 |
_c358577 _d358577 |
||